000 00785nmc a2200289 a 4500
003 AR-X00000XY
005 20251128211903.0
008 187020s2006 ||||||||||||||000 | spa||
020 _a950-05-0672-6
040 _cAR-X00000XY
100 1 _aJauretche, Arturo
_d1901-1973
245 1 0 _aEl medio pelo en la sociedad argentina
_b[apuntes para una sociología nacional]
250 _a1ª ed.
260 _aBuenos Aires
_bCorregidor
_c2006
300 0 _a335 p.
490 0 _aObras completas. v. 3
650 4 _aPOLITICA
650 4 _aPOLITICA ARGENTINA
650 4 _aSOCIOLOGIA CULTURAL
650 4 _aSOCIOLOGIA POLITICA
650 4 _aIDENTIDAD NACIONAL
650 4 _aENSAYO
650 4 _aHISTORIA ARGENTINA
650 4 _aIDEOLOGIAS
942 _cBK
998 _cNancy
999 _c21478
_d21478